000 00407nam a2200181Ia 4500
005 20240823015217.0
008 240823s9999||||xx |||||||||||||| ||und||
041 _aENGLISH
082 _A621.384 N2
100 _aMithal G K
245 0 _aRadio Engineering
250 _a17th
260 _c1992
_b"Khanna,Delhi"
500 _aYES
650 _aRadio
_bInstrumentation
942 _cBK
999 _c171892
_d171892